00852cam a22002291 4500001001300000003000400013005001700017008004100034010001700075035001800092040002400110042001200134050001900146110002700165245005300192260001900245300003800264500017400302650003200476710009700508999001700605sa 66002372 DLC20260227112229.0730731s1963 ii a 000 0 eng  asa 66002372  a(OCoLC)666554 aDLCcOAUdNSyUdDLC apremarc00aHG3883.I4bR432 aReserve Bank of India.10aIndia's balance of payments, 1948-49 to 1961-62. aBombay,c1963. aviii, 149 p.bcol. illus.c28 cm. a"The third in the series of the Bank's publications on India's balance of payments, the first of which appeared in May 1953 [issued by the Balance of Payments Division]" 0aBalance of paymentszIndia.2 aReserve Bank of India.bBalance of Payments Division.tIndia's balance of payments, 1948-51. c68339d68339